00567nam a2200169Ia 4500003000900000008004100009040001600050080002200066110003300088245013300121260005000254300000900304500001900313650002600332650001800358650002100376IN-BaIIA211028s9999 xx 000 0 eng d cIIA Library a083.7:696.14bISI aIndian Standards Institution 0aIndian standard code of practice for selection installation and maintenance of sanitary appliancescIndian Standards Institution aNew DelhibIndian Standards Institutionc1973 a23p. aIS 2064 : 1973 a Sanitary Appliances a Standards  aNASA Thesaurus